| 000 | 00603nam a2200205Ia 4500 | ||
|---|---|---|---|
| 005 | 20250508154953.0 | ||
| 008 | 008 250505s9999 xx 000 0 eng d | ||
| 037 | _aTextBook | ||
| 040 |
_aFEDL _beng _cFEDL |
||
| 041 |
_aeng _2eng |
||
| 084 |
_a379.111, MUK _qFEDL |
||
| 100 |
_aMukherjee Kartick C _9139542 |
||
| 245 | 0 | _aUnder development educational policy and planning | |
| 260 |
_aBombay, India _bAsia Publishing House _c1997 |
||
| 300 | _axvi,432p | ||
| 365 |
_aINR _b42 |
||
| 650 |
_aGovernment Regulation _9759433 |
||
| 942 |
_cTB _h379.111, MUK |
||
| 999 |
_c1353199 _d1353199 |
||